000 00558nam a2200169Ia 4500
008 090201s9999 xx 000 0 und d
010 _aKPL-8871
040 _bमराठी
041 _aमराठी
082 _a39398
_b8871
100 _aरा. अ. लागू
245 _aमहाराष्ट्रची इभ्रत
_cरा. अ. लागू
260 _c2004
_bआनंद पुस्तक मंदीर
300 _a81
_bमोठा
600 _aमहाराष्ट्रची इभ्रत
942 _cBOOK
999 _c236741
_d236741